000 00377nam a2200145Ia 4500
008 230917s9999||||xx |||||||||||||| ||und||
040 _e184163
_aMAIN
041 _aEnglish
082 _a658.4092 G885L
100 _aGrint, Keith
245 0 _aLeadership: Avery short introduction
260 _aOxford
_bOxford University Press
_c2010
300 _axiii,142 p.
942 _cBK
999 _c151312
_d151312